Estatísticas para Cultura Geral

Clique aqui para jogar o quiz

Estatísticas Gerais

  • Esse quiz foi jogado 19 vezes
  • A pontuação média é 8 de 15

Estatísticas das Respostas

HintResposta% Correto
Em que país fica a cidade de Nuremberg?Alemanha
93%
Qual é o meio de transporte do Pai Natal?Trenó
87%
De que cor é o círculo da bandeira do Japão?Vermelho
87%
Que elemento correspondente ao símbolo Zn?Zinco
87%
Que cidade recebeu os jogos olímpicos em 2008?Pequim
73%
Quantas riscas tem a bandeira do Myanmar?3
67%
De que cor são as estrelas da bandeira da China?Amarelo
67%
Que país é famoso por feta, filosofia e falanges?Grécia
67%
Além do ouro e da mirra, que presente foi dado pelos três magos?Incenso
67%
Que nome se dá a um um animal que é principalmente ativo à noite?Noturno
60%
Como se chama a festa tradicional havaiana?Luau
40%
Na série Glee quem interpretava o papel de Mercedes Jones?Amber Riley
13%
Quem é a versão francesa do Pai Natal?Père Noël
13%
Além de uma estrela, que decoração é comumente colocada no topo de uma árvore de Natal?Anjo
7%
Na série Glee que aluno anda de cadeira de rodas?Artie
7%

Distribuição das Pontuações

Percentil de Números Respondidos

Porcentagem de Pessoas com Cada Pontuação

Sua Pontuação Histórica

Você não jogou esse quiz